000 00403pab a2200157 454500
008 180718b1995 xxu||||| |||| 00| 0 eng d
100 _aRamnarayan, K.
245 _aProblems of Indian higher education.
260 _c1995
300 _ap.4,6
362 _a15 May
650 _aUniversities and colleges - India
650 _aEducation, Higher - India
773 _aUniversity News
909 _a29062
999 _c29062
_d29062